| 000 | 00588nam a2200205Ia 4500 | ||
|---|---|---|---|
| 008 | 220216s9999 xx 000 0 und d | ||
| 100 | _aAnand K | ||
| 245 | 0 | _aEffect of ball size on milling efficiency of zinc oxide dispersions | |
| 260 |
_bParticulate Science and Technology _c2018 |
||
| 300 | _a308-311 | ||
| 500 | _aSource Year: 2018 | ||
| 650 | _aBall milling | ||
| 650 | _aBall size | ||
| 650 | _aUltra-fine zinc oxide | ||
| 650 | _aZeta potential | ||
| 700 | _aKurian T | ||
| 700 | _aVarghese S | ||
| 856 | _uCopy dx.doi.org/10.1080/02726351.2016.1248258 | ||
| 942 | _cJS | ||
| 999 |
_c57700 _d57700 |
||